000 01097cab a22002055a 4500
001 L137559
008 070416s2007 xxko f 000 0 eng d
035 _a(Sirsi) u137559
041 0 _aeng
100 1 _aNicholson, Peter
245 0 0 _aPIPs' hour approaches
260 _c2007
490 _aJournal of the Law Society of Scotland
_v52(3) March 2007, 50-52(3)
520 _aDiscusses the proposals behind the purchaser's information pack and the property sales questionnaire. Considers the Partial Regulatory Impact Assessment which is said to demonstrate why PIPs are the best means of smoothing a property transaction. States that it is this analysis that opponents of the single survey will have to undermine to prove their case. Concludes with the opinions of the Law Society of Scotland, 80% of whom do not think it will improve the housebuying process in Scotland.
590 _aKA
650 2 4 _aSCOTTISH SINGLE SURVEY SCHEME
651 4 _aScotland
_y1999-
690 _aPROPERTY-RESIDENTIAL PROPERTY-ACQUISITION AND DISPOSAL OF RESIDENTIAL PROPERTY-HOME BUYING REFORM
942 _n0
999 _c78659
_d78659